| 000 | 00583nam a2200193Ia 4500 | ||
|---|---|---|---|
| 003 | GCL | ||
| 005 | 20240530103319.0 | ||
| 008 | 140319s9999 xx 000 0 ara d | ||
| 040 |
_aGCL / _cGCL |
||
| 082 | 0 | 4 |
_a330.9 _bم ل |
| 100 | 1 | _aل.ج.لبرية | |
| 245 | 1 | 0 |
_aماساة العصر فقر- تخلف اقتصادى - عدم مبالاة / _cل.ج.لبرية |
| 300 | _a124 ص | ||
| 650 | 0 | 4 | _aالمشكلة الاقتصادية |
| 650 | 0 | 4 | _aالرأسمالية - الشيوعية |
| 700 | 1 | _aالفونس حبشى | |
| 700 | 1 | _aجلال صادق | |
| 942 |
_2ddc _cBK |
||
| 999 |
_c38448 _d38448 |
||